Landlord and Tenant (Record no. 68898)

MARC details
000 -LEADER
fixed length control field 01153cam a2200253 4500
001 - CONTROL NUMBER
control field X115680
008 - FIXED-LENGTH DATA ELEMENTS--GENERAL INFORMATION
fixed length control field 011122n2001 000 0 eng u
035 ## - SYSTEM CONTROL NUMBER
System control number (Sirsi) u115680
245 ## - TITLE STATEMENT
Title Landlord and Tenant
260 ## - PUBLICATION, DISTRIBUTION, ETC.
Date of publication, distribution, etc. 2001
490 ## - SERIES STATEMENT
Series statement Estates Gazette
Volume/sequential designation [2001] 46 EG 180 (CS) (17/11/01)
520 ## - SUMMARY, ETC.
Summary, etc. "Ashworth Frazer Ltd v Gloucester CC" HL 8 November 2001. HL allowed a cross appeal by A on the construction question but rejected the main appeal by G on the reasonableness question.(For CA decision see Abs62094) . Full copy of HL judgement available on http://www.parliament.the-stationery-office.co.uk/pa/ld200102/ldjudgmt/jd011108/ashwth-1.htm.
650 ## - SUBJECT ADDED ENTRY--TOPICAL TERM
Topical term or geographic name entry element ASHWORTH FRAZER LTD V GLOUCESTER CC
650 ## - SUBJECT ADDED ENTRY--TOPICAL TERM
Topical term or geographic name entry element TOWN AND COUNTRY PLANNING (USE CLASSES) ORDER 1963
650 ## - SUBJECT ADDED ENTRY--TOPICAL TERM
Topical term or geographic name entry element COVENANTS
650 ## - SUBJECT ADDED ENTRY--TOPICAL TERM
Topical term or geographic name entry element ASSIGNMENT OF LEASES
650 ## - SUBJECT ADDED ENTRY--TOPICAL TERM
Topical term or geographic name entry element WITHOLDING OF CONSENT
650 ## - SUBJECT ADDED ENTRY--TOPICAL TERM
Topical term or geographic name entry element CONSENT TO ASSIGN
650 ## - SUBJECT ADDED ENTRY--TOPICAL TERM
Topical term or geographic name entry element REFUSAL
650 ## - SUBJECT ADDED ENTRY--TOPICAL TERM
Topical term or geographic name entry element COMMERCIAL LEASES
690 ## - LOCAL SUBJECT ADDED ENTRY--TOPICAL TERM (OCLC, RLIN)
Topical term or geographic name as entry element LANDLORD AND TENANT-BUSINESS TENANCIES-CASE LAW
856 ## - ELECTRONIC LOCATION AND ACCESS
Uniform Resource Identifier <a href="https://www.parliament.the-stationery-office.co.uk/pa/ld200102/ldjudgmt/jd011108/ashwth-1.htm">https://www.parliament.the-stationery-office.co.uk/pa/ld200102/ldjudgmt/jd011108/ashwth-1.htm</a>
942 ## - ADDED ENTRY ELEMENTS (KOHA)
Suppress in OPAC 0
Holdings
Withdrawn status Lost status Source of classification or shelving scheme Damaged status Not for loan Home library Current library Shelving location Date acquired Total Checkouts Full call number Barcode Date last seen Copy number Price effective from Koha item type
    Dewey Decimal Classification     London London Journal article 16/06/2003   X115680 115680-1001 06/08/2019 1 06/08/2019 Law report